1386 1543 1434 1411 1037 1615 1371 1085 1871 1787 1398 1372 1945 1972 1620 1145 1821 1156 1715 1110 1691 1003 1684 1702 1269 1534 1109 1903 1198 1228 1954 1824 1061 1029 1547 1528 1866 1299 1621 1103 1490 1558 1544 1653 1334 1561 1254 1061 1364 1091 1231 1149 1150 1646 1450 1661 1386 1540 1679 1672 1073 1301 1617 1643 1454 1894 1352 1782 1492 1273 1176 1883 1153 1493 1614 1846 1397 1014 1509 1997 1391 1649 1933 1246 1859 1366 1454 1598 1670 1439 1255 1972 1431 1668 1644 1904 1553 1779 1983 BCNSPRNW ULIB Ver.6.0+V

เปลี่ยนเป็นภาษาไทย

Change to English
 แสดงรายละเอียดบรรณานุกรม
  กลับหน้าหลัก

Brief Record : Get Marc (ISO 2709) : E-mail record : QR code < ปิดหน้าต่าง
LEADER : 00000nam 2200000uu 4500
001    13399110737
003     ULIB
008    110608s2553||||th 000 0 tha d
020    789744141651
050  4 HF5718^bฟ221 2553
245 00 ฟังคิดอ่านเขียน :^bรวมทุกศาสตร์เพื่อทำให้คุณฉลาด /^cผู้เขียนและเรียบเรียง, ฝ่ายวิชาการบิสคิต
250    พิมพ์ครั้งที่ 1
260    กรุงเทพฯ :^bบิสคิต,^c2553
300    289 หน้า :^bภาพประกอบ ;^c21 ซม.
650  7 การสื่อทางภาษา
650  7 การสื่อสารในองค์การ
650  7 การสื่อสารทางธุรกิจ
710 2  ฝ่ายวิชาการบิสคิต
945    ^p195^l0^i18255
995    กัณชพร
999    ^aใช้งานได้ทุกระบบ
รายการนี้ยังไม่มีแท็ก
คุณยังไม่ได้ล็อกอิน คุณสามารถมีกิจกรรมร่วมกับเว็บไซต์ได้ แต่ต้องล็อกอินก่อน ::
  ล็อกอิน

รายการสื่อสารสนเทศ

ลำดับที่ ประเภท เลขเรียก/บาร์โค้ด สถานที่ สถานะ
- ไม่พบข้อมูล -

รายการใกล้เคียง
    หัวเรื่อง [การสื่อทางภาษา]
    หัวเรื่อง [การสื่อสารในองค์การ]
    หัวเรื่อง [การสื่อสารทางธุรกิจ]

BibComment


ยังไม่เคยถูกคอมเมนท์

คอมเมนท์ทรัพยากรรายการนี้
  คอมเมนท์: ฟังคิดอ่านเขียน ..


 Copyright 2026. Bcnsprnw @Library